00422nam a2200157Ia 4500001000500000005001700005008004100022041000800063082002100071100002800092245009100120260000900211300002800220650000800248654000800256394820260306145720.0260306t2016||||xx |||||||||||||| ||spa|| aESP a305.800985bS735 aSendón, Pablo F.eAUT 0aAyllus del Ausangate:bparentesco y organización social en los Andes del sur peruano c2016 a367 páginas :c24 cm. aGEN aCHU